|
|
|
|
| LEADER |
00680nas a2200181 i 4500 |
| 001 |
acta47678 |
| 005 |
20260224081030.0 |
| 008 |
170619s2017 hu o 000 eng d |
| 022 |
|
|
|a 1417-3875
|
| 040 |
|
|
|a SZTE Egyetemi Kiadványok Repozitórium
|b hun
|
| 041 |
|
|
|a eng
|
| 100 |
1 |
|
|a Bravyi Eugene
|
| 245 |
1 |
3 |
|a On periods of non-constant solutions to functional differential equations
|h [elektronikus dokumentum] /
|c Bravyi Eugene
|
| 260 |
|
|
|c 2017
|
| 300 |
|
|
|a 1-10
|
| 490 |
0 |
|
|a Electronic journal of qualitative theory of differential equations
|
| 695 |
|
|
|a Funkcionál-differenciálegyenlet
|
| 856 |
4 |
0 |
|u http://acta.bibl.u-szeged.hu/47678/1/ejqtde_2017_014_001-010.pdf
|z Dokumentum-elérés
|